| 000 | 01098nam a22003977a 4500 | ||
|---|---|---|---|
| 001 | 0009419 | ||
| 003 | KOHA_MİRAKIL | ||
| 005 | 20260207001708.0 | ||
| 007 | ta | ||
| 008 | 091020b1994 tu |||gr||||#||||0|tur | | ||
| 020 | _a9754863288 | ||
| 040 |
_aTR-BiSEU _btur _cTR-BiSEU _erda |
||
| 041 | 0 | _atur | |
| 044 | _ctu | ||
| 050 |
_aHD62.5 _b.O96 1994 |
||
| 100 | 1 | _aÖzmen, Selahattin. | |
| 245 | 1 |
_aİş kurma ve yönetme kılavuzu/ _cSelahattin Özmen ; Selahattin Özmen. |
|
| 264 | 1 |
_aİstanbul : _bBeta _c1994 |
|
| 300 | _a628 sayfa | ||
| 336 |
_ametin _btxt _2rdacontent |
||
| 337 |
_aaracısız _bn _2rdamedia |
||
| 338 |
_acilt _bnc _2rdacarrier |
||
| 490 | 1 |
_aYayın ; _vno. |
|
| 490 | 1 | _a431. | |
| 490 | 1 | _aİş Ekonomi Dz. | |
| 490 | 1 | _a38. | |
| 500 | _aDizin var. | ||
| 650 | 0 |
_aNew business enterprises. _93241 |
|
| 650 | 0 |
_aNew business enterprises--Finance. _923340 |
|
| 650 | 0 |
_aSmall business--Management. _93243 |
|
| 830 | 1 |
_aYayın ; _vno. _91557 |
|
| 830 | 1 |
_a431. _920669 |
|
| 830 | 1 |
_aİş Ekonomi Dz. _923341 |
|
| 830 | 1 |
_a38. _92946 |
|
| 942 |
_2lcc _cBK |
||
| 999 |
_c9391 _d9391 |
||